All Known Hominid Species - Statistics

General Stats
  • This quiz has been taken 13 times
  • The average score is 10 of 68
Answer Stats
Answer % Correct
Homo erectus
86%
Neanderthals (Homo neanderthalensis)
86%
Chimpanzee (Pan troglodytes)
71%
Homo habilis
71%
Bonobo (Pan paniscus)
57%
Eastern Gorilla (Gorilla beringei)
57%
Homo sapiens
57%
Bornean Orangutan (Pongo pygmaeus)
43%
Sumatran Orangutan (Pongo abelii)
43%
Western Gorilla (Gorilla gorilla)
43%
Denisovans (Homo Denisova/Homo longi)
29%
Gigantopithecus blacki
29%
Tapanuli Orangutan (Pongo tapanuliensis)
29%
Ardipithecus kadabba
14%
Ardipithecus ramidus
14%
Australopithecus afarensis
14%
Australopithecus africanus
14%
Australopithecus anamensis
14%
Australopithecus garhi
14%
Australopithecus sediba
14%
Danuvius guggenmosi
14%
Dryopithecus fontani
14%
Gigantopithecus bilaspurensis/Indopithecus giganteus
14%
Homo antecesor
14%
Homo ergaster
14%
Homo floresiensis
14%
Homo heidelbergensis
14%
Homo luzonensis
14%
Homo rudolfensis
14%
Kenyanthropus platyops
14%
Kenyapithecus wickeri
14%
Meganthropus palaeojavanicus
14%
Oreopithecus bambolii
14%
Orrorin tugenensis
14%
Paranthropus aethiopicus
14%
Paranthropus robustus
14%
Sahelanthropus tchadensis
14%
Ankarapithecus meteai
0%
Anoiapithecus brevirostris
0%
Australopithecus deyiremeda
0%
Chororapithecus abyssinicus
0%
Graecopithecus freybergi
0%
Griphopithecus alpani
0%
Griphopithecus suessi
0%
Hispanopithecus crusafonti
0%
Hispanopithecus laietanus
0%
Homo naledi
0%
Khoratpithecus ayeyarwadyensis
0%
Khoratpithecus chiangmuanensis
0%
Khoratpithecus piriyai
0%
Lufengpithecus hudiensis
0%
Lufengpithecus keiyuanensis
0%
Lufengpithecus lufengensis
0%
Nakalipithecus nekayamai
0%
Otavipithecus namibiensis
0%
Ouranopithecus macidoniensis
0%
Ouranopithecus turkae
0%
Paranthropus boisei
0%
Pierolapithecus catalaunicus
0%
Pongo grovesei
0%
Pongo hooijeri
0%
Pongo nguyenbinheri
0%
Pongo weidenreichi
0%
Rudapithecus hungaricus
0%
Samburupithecus kiptalami
0%
Sivapithecus indicus
0%
Sivapithecus parvada
0%
Sivapithecus sivalensis
0%
No matching quizzes found
Score Distribution
Percent of People with Each Score
Percentile by Number Answered
Your Score History
You have not taken this quiz